Vacationing Away From China Quiz Stats

Quiz Updated Mar 28, 2015

Also try: Asia by Capital
Challenge
Share
Tweet
Embed
Score 0/18 Timer 03:00
1 Play Today
Trips Country % Correct
553,846United States
99.1%
1,394,203Japan
97%
619,294France
94.6%
239,967United Kingdom
93.3%
354,065Russia
92.7%
413,333Australia
90.3%
397,611Germany
88%
3,546,921South Korea
87.2%
497,453Italy
84%
Trips Country % Correct
2,820,000Thailand
82.4%
440,683Vietnam
80.3%
646,048Indonesia
76.9%
222,566New Zealand
72.7%
677,836Malaysia
69%
2,671,350Taiwan
67.5%
990,159Singapore
65%
218,010Philippines
62.4%
436,771Switzerland
31%

You're not logged in!

Compare scores with friends on all Sporcle quizzes.
Sign Up with Email
OR
Log In

You Might Also Like...

Show Comments

Extras

Top Quizzes Today


Score Distribution

Your Account Isn't Verified!

In order to create a playlist on Sporcle, you need to verify the email address you used during registration. Go to your Sporcle Settings to finish the process.